| 000 | 00385nam a2200133Ia 4500 | ||
|---|---|---|---|
| 008 | 230917s9999||||xx |||||||||||||| ||und|| | ||
| 040 |
_e205187 _aMAIN |
||
| 041 | _aEnglish | ||
| 082 | _a155.5 N17P | ||
| 100 | _aNaseed Kumar | ||
| 245 | 0 | _aPerceived parenting style, life events and self-efficacy as predictors of depression in adolescent students | |
| 300 | _a179 p. | ||
| 942 | _cTH | ||
| 999 |
_c125674 _d125674 |
||